Anagrams #13 - Statistics

General Stats
  • This quiz has been taken 72 times
  • The average score is 4 of 6
Answer Stats
word % Correct
started
100%
plates
80%
pleats
64%
pastel
63%
petals
59%
palest
36%
No matching quizzes found
Score Distribution
Percent of People with Each Score
Percentile by Number Answered
Your Score History
You have not taken this quiz